Výpočet odpisov dlhodobého hmotného majetku v roku 2012

Objasnenie vecnej podstaty zmeny výpočtu odpisov dlhodobého hmotného majetku obstaraného formou finančného prenájmu. Ilustračný príklad na výpočet rovnomerných odpisov a zrýchlených odpisov dlhodobého hmotného majetku, ktoré môžu výrazne ovplyvniť základ dane, a tým aj daňovú povinnosť účtovnej jedn...

Description complète

Enregistré dans:
Détails bibliographiques
Auteur principal: Szász, Marek
Autres auteurs: Szászová, Renáta
Format: Chapitre de livre
Langue:slovaque
Sujets:
Tags: Ajouter un tag
Pas de tags, Soyez le premier à ajouter un tag!

MARC

LEADER 00000naa a2200000 4500
001 0152703
005 20240502072723.5
041 0 |a slo 
044 |a SK 
245 1 0 |a Výpočet odpisov dlhodobého hmotného majetku v roku 2012  |c Marek Szász, Renáta Szászová 
520 |a Objasnenie vecnej podstaty zmeny výpočtu odpisov dlhodobého hmotného majetku obstaraného formou finančného prenájmu. Ilustračný príklad na výpočet rovnomerných odpisov a zrýchlených odpisov dlhodobého hmotného majetku, ktoré môžu výrazne ovplyvniť základ dane, a tým aj daňovú povinnosť účtovnej jednotky. 
610 2 0 |a odpisy daňové 
610 2 0 |a majetok hmotný 
610 2 0 |a dane z príjmov 
610 2 0 |a jednotka účtovná 
610 2 0 |a základ dane 
100 1 |a Szász, Marek 
700 1 |a Szászová, Renáta